000 00365nam a2200157Ia 4500
003 OSt
005 20240319114336.0
008 170524s9999 xx 000 0 und d
020 _a9788123904818
040 _cIIMTU MEERUT
100 _aMatz Samual
245 0 _aBakery Technology and engineering
260 _bCBS Pub.& Dist.
260 _c2003
942 _2ddc
_c02
999 _c6854
_d6854